PRÚDOVÉ POLE POD KEFAMI V RÝCHLE ROTUJÚCICH KRÚŽKOCH

Bibliographic Details
Main Authors: Hlásnik, Ivan (Author), Schilder, Jaroslav (Author)
Format: Article
Language:Slovak

MARC

LEADER 00000nab a2200000uu 4500
001 vtls011481105
003 SK-MaSNL
005 20260303132458.0
008 230218|1960 xo |||||||||||||||||slo|
015 |a SNBRB 
035 |a (urnnbn)urn:nbn:sk:snk:ar-006scy 
035 |a (uuid)2764d34e-3dd2-41b1-9a66-bdb27b8a7b28 
035 |a urn:nbn:sk:snk-abd8hy 
040 |a SNKBUCL  |b slo  |c SNKBUCL  |e AACR2 
041 0 |a slo 
044 |a xo  |c SK 
100 1 |a Hlásnik, Ivan  |4 aut  |9 947637 
245 1 0 |a PRÚDOVÉ POLE POD KEFAMI V RÝCHLE ROTUJÚCICH KRÚŽKOCH  |c Jaroslav Schilder, Ivan Hlásnik 
700 1 |a Schilder, Jaroslav  |4 aut  |9 1149706 
773 0 |t Elektrotechnický časopis : časopis Elektrotechnického ústavu CEFV SAV Bratislava  |g Roč. 11, č. 1 (1960), s. 27-40 
954 |a odborná, vedecká literatúra pôvodná (slovenská)  |2 lita 
958 |a OND 
958 |a EUIPO 
958 |a article18 
999 |c 1951413  |d 1953343